<?xml version="1.0" encoding="UTF-8"?><?xml-stylesheet type="text/xsl" href="static/style.xsl"?><OAI-PMH xmlns="http://www.openarchives.org/OAI/2.0/" xmlns:xsi="http://www.w3.org/2001/XMLSchema-instance" xsi:schemaLocation="http://www.openarchives.org/OAI/2.0/ http://www.openarchives.org/OAI/2.0/OAI-PMH.xsd"><responseDate>2026-04-13T04:52:43Z</responseDate><request verb="GetRecord" identifier="oai:www.recercat.cat:10459.1/59427" metadataPrefix="marc">https://recercat.cat/oai/request</request><GetRecord><record><header><identifier>oai:recercat.cat:10459.1/59427</identifier><datestamp>2024-12-05T21:43:33Z</datestamp><setSpec>com_2072_3622</setSpec><setSpec>col_2072_479130</setSpec></header><metadata><record xmlns="http://www.loc.gov/MARC21/slim" xmlns:dcterms="http://purl.org/dc/terms/" xmlns:xsi="http://www.w3.org/2001/XMLSchema-instance" xmlns:doc="http://www.lyncode.com/xoai" xsi:schemaLocation="http://www.loc.gov/MARC21/slim http://www.loc.gov/standards/marcxml/schema/MARC21slim.xsd">
   <leader>00925njm 22002777a 4500</leader>
   <datafield ind2=" " ind1=" " tag="042">
      <subfield code="a">dc</subfield>
   </datafield>
   <datafield ind2=" " ind1=" " tag="720">
      <subfield code="a">Badenhorst, Heinrich</subfield>
      <subfield code="e">author</subfield>
   </datafield>
   <datafield ind2=" " ind1=" " tag="720">
      <subfield code="a">Cabeza, Luisa F.</subfield>
      <subfield code="e">author</subfield>
   </datafield>
   <datafield ind2=" " ind1=" " tag="260">
      <subfield code="c">2017-04-04T08:15:50Z</subfield>
   </datafield>
   <datafield ind2=" " ind1=" " tag="260">
      <subfield code="c">2019-04-10T22:08:36Z</subfield>
   </datafield>
   <datafield ind2=" " ind1=" " tag="260">
      <subfield code="c">2017</subfield>
   </datafield>
   <datafield ind2=" " ind1=" " tag="260">
      <subfield code="c">2017-04-04T08:15:50Z</subfield>
   </datafield>
   <datafield ind2=" " ind1=" " tag="520">
      <subfield code="a">Energy storage is a key challenge to a sustainable energy supply. To design new storage systems accurateand representative thermal property measurements are essential. The T-history method is quick anduncomplicated, however numerous adaptations have been proposed over the years. In this study thesemethods have been classified and critically assessed based on their mathematical formulation and exper-imental configuration. They can be broadly categorized according to one of three assumptions regardingthe heat transfer coefficient for natural convection: it is constant either as a function of time or tem-perature, or it is negligible. This work proves in addition that the heat transfer coefficient for naturalconvection, varies both as a function of time and temperature. This is demonstrated both experimentallyand through rigorous simulation of the proposed configurations. Thus T-history methods which show themost promise for precise and unambiguous measurements eliminate convection by making conductionthe dominant thermal resistance in the system. These techniques can be tailored to different materialsand do not require a simultaneous reference due to the use of a rigorous fundamental model comparedto the lumped parameter approximation. The addition of heat flux sensors to quantify actual heat lossesis recommended for absolute measurement certainty.</subfield>
   </datafield>
   <datafield ind2=" " ind1=" " tag="520">
      <subfield code="a">The research leading to these results has received funding from the European Commission Seventh Framework Programme (FP/2007-2013) and under Grant agreement N°PIRSES-GA-2013-610692 (INNOSTORAGE), and from the European Union’s Horizon 2020 research and innovation programme under grant agreement No 657466 (INPATH-TES). The work is partially funded by the Spanish government (ENE2015-64117-C5-1-R (MINECO/FEDER)). Dr. Luisa F. Cabeza would like to thank the Catalan Government for the quality accreditation given to the research group GREA (2014 SGR 123).</subfield>
   </datafield>
   <datafield ind1="8" ind2=" " tag="024">
      <subfield code="a">http://hdl.handle.net/10459.1/59427</subfield>
   </datafield>
   <datafield tag="653" ind2=" " ind1=" ">
      <subfield code="a">T-history</subfield>
   </datafield>
   <datafield tag="653" ind2=" " ind1=" ">
      <subfield code="a">Phase change</subfield>
   </datafield>
   <datafield tag="653" ind2=" " ind1=" ">
      <subfield code="a">Convective heat transfer</subfield>
   </datafield>
   <datafield ind2="0" ind1="0" tag="245">
      <subfield code="a">Critical analysis of the T-history method: A fundamental approach</subfield>
   </datafield>
</record></metadata></record></GetRecord></OAI-PMH>